000 00951nam0a22002891 4500
001 v19\rc\1408387
005 20250618103256.0
035 _a(NLR Aleph) 004537453
090 _a1957337
_c1957337
100 _a20060512d1877 |||y0rusy50 ca
101 0 _arus
102 _aRU
105 _ay z |||||
200 1 _aСказание о чешском святом Иоанне Непомуке
_f[Соч.] Юрия Анненкова
210 _aСанкт-Петербург
_cтип. духов. журн. "Странник"
_d1877
215 _a[2], 30 с.
_d23
700 1 _aАнненков
_bЮ.С.
_f1849-1885
_gЮрий Семенович
702 0 _aИоанн Непомук
_cсв. чешский
_4570
801 0 _aRU
_bNLR
_gpsbo
801 0 _aRU
_bRuMoRGB
_2psbo
801 1 _aRU
_bProSoft-M
_2rusmarc
852 _aNLR
_j18.96.7.151
899 _aБАН
899 _aНБ СПбГУ
899 _aГПИБ
942 _cBOOK
980 _aNB